000 00219nam a2200097Ia 4500
005 20251222114407.0
008 251222s1900||||xx |||||||||||||| ||spa||
082 _aDVD0120/V86/2005
245 0 _aOtello: Verdi:
942 _cDVD
999 _c1890
_d1890